Municipis dels Ports - Estadísticas

Estadísticas generales
  • Esta prueba ha sido intentada 267 veces
  • La puntuación promedio es 9 de 14
Respuestas en el mapa
Las respuestas están codificadas por una escala verde-roja en el mapa de la prueba según el % correcto abajo.
 
Estadísticas de respuestas
Resposta % Correcto
Morella
100%
Portell de Morella
68%
Cinctorres
67%
Vilafranca
67%
la Mata
66%
Forcall
65%
Olocau del Rey
61%
Herbers
60%
Sorita
56%
Vallibona
55%
Castellfort
51%
Palanques
51%
la Todolella
48%
Villores
44%
No se encontraron pruebas coincidentes
Distribución de puntuación
Porcentaje de gente con cada puntuación
Porcentaje por número respondido
Historial de tus puntuaciones
No has intentado esta prueba.